| 000 | 00362nam a22001457a 4500 | ||
|---|---|---|---|
| 003 | SGT | ||
| 020 | _a9789390735747 | ||
| 082 |
_a347.09 _bKUR |
||
| 100 | _aKURLWAL ,ANUPAM | ||
| 245 | _aAN INTRODUCTION TO ALTERNATIVE DISPUTE RESOLUTION SYSTEM | ||
| 250 | _a4 | ||
| 260 |
_aALLAHABAD _bCENTRAL LAW PUBLICATION _c2022 |
||
| 300 | _aLVI ,716 | ||
| 942 |
_2ddc _cBK _08 |
||
| 999 |
_c23052 _d23052 |
||